Gandhi and Gandhigiri / (Record no. 22610)

MARC details
000 -LEADER
fixed length control field 00852nam a22002177a 4500
008 - FIXED-LENGTH DATA ELEMENTS--GENERAL INFORMATION
fixed length control field 090129t xxu||||| |||| 00| 0 eng d
010 ## - LCCN (DPL NO)
LC control number ENG-92683
020 ## - INTERNATIONAL STANDARD BOOK NUMBER
International Standard Book Number 8128814974
Terms of availability 95.00
035 ## - SYSTEM CONTROL NUMBER
System control number EN-76216
037 ## - SOURCE OF ACQUISITION
Source of stock number/acquisition DBAD / PUB
040 ## - CATALOGING SOURCE
Original cataloging agency dpl
Language of cataloging English
082 ## - DEWEY DECIMAL CLASSIFICATION NUMBER
Classification number 301.153
100 ## - MAIN ENTRY--PERSONAL NAME
Personal name Shukla, Praveen
245 ## - TITLE STATEMENT
Title Gandhi and Gandhigiri /
Statement of responsibility, etc by Praveen Shukla
260 ## - PUBLICATION, DISTRIBUTION, ETC. (IMPRINT)
Place of publication, distribution, etc New Delhi
Name of publisher, distributor, etc Diamond Pocket Books
Date of publication, distribution, etc 2007
270 ## - ADDRESS
Address X-30, Okhla Industrial Area, Phase-II,
City New Delhi
Postal code 110020
300 ## - PHYSICAL DESCRIPTION
Extent 48p.:
Other physical details col. photos
Dimensions 20cn (pbk)
600 ## - SUBJECT ADDED ENTRY--PERSONAL NAME
Personal name Gandhi, Mahatma,1869-1948.
General subdivision Political and social views.
942 ## - ADDED ENTRY ELEMENTS (KOHA)
Source of classification or shelving scheme Dewey Decimal Classification
Item type English Books
Call number suffix SHU
Classification part 301.153
Holdings
Withdrawn status Lost status Source of classification or shelving scheme Damaged status Not for loan Collection code Home library Current library Date acquired Source of acquisition Cost, normal purchase price Total Checkouts Full call number Barcode Date last seen Copy number Cost, replacement price Koha item type
    Dewey Decimal Classification   Not For Loan Non-fiction D.B.Act.Division D.B.Act.Division 29/01/2009 DBAD / PUB 95.00   301.153 SHU EN-76216 29/01/2009 1 95.00 English Books

© Delhi Public Library
Hit Counter
free hit counter